000 01768cam0 2200409 ib4500
001 BY-MI0003-br141971
005 20251017154008.0
010 ^a978-5-353-11205-1
^bв переплете
035 ^a(BY-MI0000)BY-MI0003-br141971
035 ^a(BY-MI0003)BY-MI0003-br141971
100 ^a20250625d2025 e y0rusy50 ca
101 1 ^arus
^ceng
102 ^aRU
105 ^aac z 000ay
109 ^ama
200 1 ^aБелый Клык
^eповесть
^e[для старшего школьного возраста]
^fДжек Лондон
^gперевод с английского Н. Волжиной
^gхудожник Б. Косульников
210 ^aМосква
^cРОСМЭН
^d2025
215 ^a250, [3] с.
^cил.
^d21 см
225 1 ^aСерия "Внеклассное чтение"
333 ^a12+
345 ^96000 экз.
606 ^aАМЕРИКАНСКАЯ ЛИТЕРАТУРА
^3BY-NLB-ar2286
^2DVNLB
606 ^aХУДОЖЕСТВЕННАЯ ЛИТЕРАТУРА
^3BY-NLB-ar37179
^2DVNLB
608 ^aПОВЕСТЬ
^3BY-NLB-ar23936
^2BYGNR
608 ^aДЕТСКАЯ И ЮНОШЕСКАЯ ЛИТЕРАТУРА (художеств. произведение)
^3BY-NLB-ar9019
^2BYGNR
686 ^a84(7Сое)-4
^2rubbk
690 ^a1
^2Base
^9BY-MI0000
^xRSEK
700 1 ^aЛондон
^bДж.
^3BY-NLB-ar99565
702 1 ^aВолжина
^bН. А.
^gНаталия Альбертовна
^3BY-SEK-ar5377807
^4730
702 1 ^aКосульников
^bБ.
^3BY-SEK-367744
^4040
801 0 ^aBY
^bBY-BR0000
^c20220613
^gRCR
801 2 ^aBY
^bBY-MI0003
^c20220627
^gRCR
801 2 ^aBY
^bBY-MI0000
^c20251002
^gRCR
899 0 ^aBY-MI0000
^iЛ76
^h84(7Сое)